History Quiz

Random History or Artist Quiz

Find the Munch Paintings Quiz Stats

Quiz Updated Nov 7, 2017

Challenge
Share
Tweet
Score 0/12 Timer 04:00
0 Plays Today
% Correct
The Scream
97.3%
The Sun
96.6%
Forest
95.6%
Starry Night
94.5%
Spring Day on Karl Johan Street
93.3%
Arrival of the Mail Boat
93.3%
Christmas in the Brothel
92%
Attraction
88.6%
Birch in the Snow
88.2%
Golgotha
84.7%
Melancholy
84.5%
Moonlight
77.3%

You're not logged in!

Compare scores with friends on all Sporcle quizzes.
Sign Up with Email
OR
Log In

You Might Also Like...

Show Comments

Extras

Top Quizzes Today


Score Distribution

Your Account Isn't Verified!

In order to create a playlist on Sporcle, you need to verify the email address you used during registration. Go to your Sporcle Settings to finish the process.

Report this User

Report this user for behavior that violates our Community Guidelines.

Details: